00163nam a2200061Ia 4500008004100000100002400041245003600065120527s9999 xx 000 0 und d aSalzinyerd, Denmark aPsychoogy: the state of the art